00254nam a2200121Ia 45000030006000000080041000060400015000471000016000622450016000782600009000945460012001030050017001150STCL150530s9999 xx 000 0 und d aSTCLcSTCL aIsac Asimor aHuman brain c1965 aEnglish20220125170331.0